00892nam a2200241 a 4500008004100000020001500041050001600056100002100072245008100093260003300174300001400207350000900221500001500230650002600245650003700271650002100308650002000329650004400349700002900393995008700422999001700509952012400526120416s1966 ||||||||||||||||| || u a155775554X aHG 3881 Fun aFrenkel, Jacob A10aFunctioning of the International Monetary Systemcedited by Jacob A. Frankel aWashington, D. C.bIMFc1966 a2v. ;ill. a0.00 avol. 1 $ 2 aINTERNATIONAL FINANCE 0aINTERNATIONAL ECONOMIC RELATIONS aFOREIGN EXCHANGE aMONETARY POLICY aEUROPEAN MONETARY SYSTEM (ORGANIZATION) aGoldstein, Morris, 1944- D0.00FCBU-MAIN LIBRARY (Kitwe)H2I0.00M2UAVAILABLEZAnnex Low-Usage Collection  c44093d44093 00102lcc4070a001b001cAnnex Low-Usage Collection d2022-11-30l0oHG 3881 Funp019448r2022-11-30w2022-11-30y002